Premier League Appearances by Nationality: Tunisia - Statistics

General Stats
  • This quiz has been taken 7 times
  • The average score is 2 of 5
Answer Stats
Appearances Answer % Correct
24 Hannibal Mejbri
83%
62 Radhi Jaidi
67%
31 Medi Nafti
33%
30 Yan Valery
33%
38 Wahbi Kazri
0%
No matching quizzes found
Score Distribution
Percent of People with Each Score
Percentile by Number Answered
Your Score History
You have not taken this quiz